[Event "Guimaraes op"]
[Site "Guimaraes"]
[Date "2007.09.06"]
[Round "3"]
[White "Sousa, Emanuel Luis Alves"]
[Black "Pena Torres, Jose Carlos"]
[Result "0-1"]
[WhiteElo "1926"]
[BlackElo "2131"]
[PlyCount "78"]
[EventDate "2007.09.04"]
[EventType "swiss"]
[EventRounds "7"]
[EventCountry "POR"]
[SourceTitle "EXT 2009"]
[Source "ChessBase"]
[SourceDate "2008.11.26"]
[SourceVersion "1"]
[SourceVersionDate "2008.11.26"]
[SourceQuality "1"]

1. c4 c5 2. Nf3 Nf6 3. Nc3 Nc6 4. d4 cxd4 5. Nxd4 g6 6. e4 d6 7. Be2 Bg7 8. Be3 0-0 9. 0-0 Ne5 10. h3 Bd7 11. f4 Nc6 12. Qd2 h6 13. Rad1 Nxd4 14. Bxd4 Bc6 15. Bf3 Nd7 16. Nd5 e5 17. Be3 exf4 18. Bxf4 Bxd5 19. cxd5 Ne5 20. Be2 Rc8 21. Rc1 Qe7 22. Rxc8 Rxc8 23. Rc1 Qd8 24. Rxc8 Qxc8 25. Qb4 Qc7 26. Be3 h5 27. Qa4 Nd7 28. b4 Qc3 29. Bf2 Bd4 30. Bxd4 Qxd4+ 31. Kf1 Nf6 32. Bf3 Kg7 33. Qc2 Qxb4 34. Ke2 Nd7 35. Ke3 Nc5 36. Be2 a5 37. Qc4 Qe1 38. Qd4+ f6 39. Kf3 h4 0-1

[Event "Porto District-ch prel F"]
[Site "Porto"]
[Date "2007.04.11"]
[Round "5"]
[White "Sousa, Emanuel Luis Alves"]
[Black "Pintor, Ariana Maciel Abran"]
[Result "0-1"]
[WhiteElo "1937"]
[BlackElo "2077"]
[PlyCount "94"]
[EventDate "2007.03.14"]
[EventType "swiss"]
[EventRounds "6"]
[EventCountry "POR"]
[SourceTitle "EXT 2024"]
[Source "ChessBase"]
[SourceDate "2023.10.10"]
[SourceVersion "1"]
[SourceVersionDate "2023.10.10"]
[SourceQuality "1"]

1. c4 Nf6 2. Nc3 g6 3. Nf3 Bg7 4. d4 0-0 5. e4 d6 6. Bd3 c5 7. 0-0 cxd4 8. Nxd4 Ng4 9. Be2 Ne5 10. Be3 Nec6 11. Qd2 Nd7 12. Rad1 Nde5 13. h3 Qa5 14. f4 Nd7 15. Nb3 Qd8 16. f5 b6 17. fxg6 hxg6 18. Bh6 Nde5 19. Bxg7 Kxg7 20. Rf4 Rh8 21. Nd5 Be6 22. Nd4 Nxd4 23. Qxd4 Qd7 24. Rdf1 f6 25. h4 Rh6 26. Qf2 Rah8 27. Qg3 Bxd5 28. exd5 Qc7 29. b4 a5 30. a3 axb4 31. axb4 Qa7 32. Rd1 Qa2 33. Kf1 Qc2 34. Rfd4 Rc8 35. Qf4 Ra8 36. Qf2 Ra4 37. Qe1 Qb2 38. b5 Rh8 39. Qg3 Ra3 40. Qf2 Rc3 41. Re4 Qc2 42. Qf4 Rc8 43. Rdd4 Ra8 44. Qd2 Qb1+ 45. Kf2 Rc2 46. Qe1 Qb2 47. Kg3 Ra1 0-1

[Event "Porto District-ch prel F"]
[Site "Porto"]
[Date "2007.04.04"]
[Round "4"]
[White "Sousa, Emanuel Luis Alves"]
[Black "Rosario, Nuno"]
[Result "1-0"]
[WhiteElo "1937"]
[BlackElo "1882"]
[PlyCount "187"]
[EventDate "2007.03.14"]
[EventType "swiss"]
[EventRounds "6"]
[EventCountry "POR"]
[SourceTitle "EXT 2024"]
[Source "ChessBase"]
[SourceDate "2023.10.10"]
[SourceVersion "1"]
[SourceVersionDate "2023.10.10"]
[SourceQuality "1"]

1. c4 Nf6 2. Nc3 g6 3. d4 Bg7 4. Nf3 c6 5. e4 d6 6. Bd3 Nbd7 7. 0-0 c5 8. h3 cxd4 9. Nxd4 Ne5 10. Bb1 0-0 11. Qe2 a6 12. Be3 Qc7 13. b3 Nc6 14. Nxc6 bxc6 15. Bd4 c5 16. Nd5 Nxd5 17. Bxg7 Kxg7 18. exd5 e6 19. dxe6 Bxe6 20. Re1 Rfe8 21. Be4 Rad8 22. Rad1 Kg8 23. Qf3 a5 24. Qf6 Qe7 25. Qc3 Qc7 26. Re3 f5 27. Bd5 Bxd5 28. Rxd5 Rxe3 29. Qxe3 Kf7 30. Qh6 Kg8 31. Qg5 Kf7 32. Qh6 Kg8 33. Qe3 Kf7 34. Rd1 Re8 35. Qd2 Re6 36. Qd5 Ke7 37. Kf1 Qb6 38. g4 Re5 39. Qg8 Qc6 40. Qxh7+ Kd8 41. Qg8+ Re8 42. Qd5 Kc7 43. Qf7+ Kb8 44. Rd5 fxg4 45. hxg4 a4 46. Qxg6 Kc7 47. Rh5 Re7 48. Rh7 Rxh7 49. Qxh7+ Kb6 50. Qh8 axb3 51. axb3 Ka5 52. Qc3+ Kb6 53. f3 d5 54. cxd5 Qxd5 55. Kf2 Qg5 56. Qe3 Qh4+ 57. Kg2 Qf6 58. g5 Qb2+ 59. Kg3 Kb5 60. Qd3+ Kc6 61. g6 Qe5+ 62. f4 Qe1+ 63. Kg4 Qg1+ 64. Kf5 Qh2 65. Qf3+ Kd6 66. Kg5 Ke7 67. Qe3+ Kf8 68. Qxc5+ Ke8 69. Qc8+ Ke7 70. Qb7+ Kd8 71. g7 Qg3+ 72. Kh5 Qh3+ 73. Kg6 Qg4+ 74. Kf7 Qh5+ 75. Kf6 Qh6+ 76. Ke5 Qh5+ 77. f5 Qh2+ 78. Kd5 Qd2+ 79. Ke6 Qh6+ 80. f6 Qe3+ 81. Kd6 Qf4+ 82. Kc5 Qe3+ 83. Kb4 Qd4+ 84. Ka5 Qc5+ 85. Ka4 Qc6+ 86. Qb5 Qe4+ 87. b4 Qc2+ 88. Ka5 Qa2+ 89. Kb6 Qe6+ 90. Ka7 Qf7+ 91. Kb8 Qc7+ 92. Ka8 Qc6+ 93. Qb7 Qa4+ 94. Kb8 1-0

[Event "Porto district-ch U20"]
[Site "Porto"]
[Date "2006.03.02"]
[Round "6"]
[White "Sousa, Emanuel Luis Alves"]
[Black "Morais, Paulo Jorge Machado"]
[Result "1-0"]
[WhiteElo "1922"]
[BlackElo "1915"]
[PlyCount "161"]
[EventDate "2006.02.25"]
[EventType "tourn"]
[EventRounds "9"]
[EventCountry "POR"]
[SourceTitle "EXT 2008"]
[Source "ChessBase"]
[SourceDate "2007.11.25"]
[SourceVersion "1"]
[SourceVersionDate "2007.11.25"]
[SourceQuality "1"]

1. Nf3 Nc6 2. c4 e5 3. Nc3 f5 4. d4 e4 5. Bg5 Be7 6. Bxe7 Qxe7 7. Nd5 Qd8 8. Ne5 Nf6 9. e3 0-0 10. Be2 d6 11. Nxc6 bxc6 12. Nc3 Bd7 13. 0-0 Qb8 14. Rb1 Kh8 15. b4 d5 16. b5 Qe8 17. bxc6 Bxc6 18. Nb5 Qe7 19. Qc2 a6 20. Nc3 g5 21. Rfc1 Rab8 22. cxd5 Bxd5 23. Bxa6 Qa3 24. Be2 Rxb1 25. Rxb1 Ra8 26. h3 Kg7 27. Rb5 c6 28. Rb7+ Kg6 29. Nxd5 cxd5 30. Qc7 Qf8 31. Rb2 Qa3 32. Rb7 Qf8 33. Rb2 Qa3 34. Rc2 Ra7 35. Qc8 Ra8 36. Qc7 Ra7 37. Qc6 Qb4 38. Kh2 Qb8+ 39. g3 Qf8 40. Qb6 Qg7 41. Bb5 Kh5 42. a4 g4 43. h4 Rb7 44. Qe6 Kg6 45. Be8+ Kh6 46. Rc6 Re7 47. Qxf6+ Qxf6 48. Rxf6+ Kg7 49. Rxf5 Rxe8 50. Rxd5 Ra8 51. Rg5+ Kf6 52. Rxg4 Rxa4 53. Rxe4 Kf5 54. Rf4+ Kg6 55. d5 Ra5 56. d6 Ra7 57. Rd4 Rd7 58. e4 Kf6 59. f4 h5 60. e5+ Kf5 61. Rc4 Kg4 62. Rc7 Rd8 63. d7 Ra8 64. Rc2 Kf5 65. Rc8 Ra2+ 66. Kh3 Ke4 67. d8Q Ra3 68. Rc4+ Kf3 69. Qd1+ Kf2 70. Rc2+ Ke3 71. Qc1+ Kf3 72. Qxa3+ Ke4 73. e6 Kf5 74. e7 Kf6 75. e8N+ Kf7 76. Nd6+ Kg7 77. Qc3+ Kh7 78. Qc7+ Kg8 79. Nf5 Kf8 80. Qe7+ Kg8 81. Qg7# 1-0

[Event "Porto-ch fin"]
[Site "Porto"]
[Date "2005.??.??"]
[Round "1"]
[White "Viela, Andre Filipe Folha"]
[Black "Sousa, Emanuel Luis Alves"]
[Result "1-0"]
[WhiteElo "2065"]
[BlackElo "1910"]
[PlyCount "71"]
[EventDate "2005.??.??"]
[EventType "swiss"]
[EventRounds "5"]
[EventCountry "POR"]
[SourceTitle "EXT 2007"]
[Source "ChessBase"]
[SourceDate "2006.11.23"]
[SourceVersion "1"]
[SourceVersionDate "2006.11.23"]
[SourceQuality "1"]

1. e4 e5 2. Nc3 Nf6 3. g3 Bb4 4. Bg2 0-0 5. Nge2 Re8 6. 0-0 Nc6 7. d3 h6 8. h3 Bc5 9. Kh2 Nh7 10. f4 exf4 11. Bxf4 Bd4 12. Nd5 Be5 13. d4 Bxf4 14. gxf4 Ne7 15. Ne3 d6 16. f5 Nc6 17. Ng3 Qh4 18. Nd5 Qd8 19. Nh5 Kh8 20. f6 g6 21. Ng3 Be6 22. Qd2 g5 23. Nf5 Bxf5 24. Rxf5 Qd7 25. Bf3 Rg8 26. Bg4 Qd8 27. Raf1 Nf8 28. Ne7 Nxe7 29. fxe7 Qxe7 30. Rxf7 Qxe4 31. R1f6 Ng6 32. Bf5 Qd5 33. Bxg6 Rxg6 34. Rxg6 Qxf7 35. Rxh6+ Kg7 36. Qxg5+ 1-0

[Event "Gaia Profigaia op"]
[Site "Vila Nova de Gaia"]
[Date "2004.07.11"]
[Round "9"]
[White "Vasquez, Maria Carvalho"]
[Black "Sousa, Emanuel Luis Alves"]
[Result "1/2-1/2"]
[WhiteElo "2020"]
[BlackElo "1876"]
[PlyCount "26"]
[EventDate "2004.07.03"]
[EventType "swiss"]
[EventRounds "9"]
[EventCountry "POR"]
[SourceTitle "CBM 101 Extra"]
[Source "ChessBase"]
[SourceDate "2004.09.01"]
[SourceVersion "2"]
[SourceVersionDate "2004.09.01"]
[SourceQuality "1"]

1. e4 e5 2. d4 exd4 3. Qxd4 Nc6 4. Qe3 Nf6 5. Nc3 Bb4 6. Bd2 0-0 7. 0-0-0 Re8 8. Bc4 d6 9. Nge2 Ne5 10. Bb3 Bc5 11. Qf4 Ng6 12. Qf3 Ne5 13. Qf4 Ng6 1/2-1/2

[Event "Gaia Profigaia op"]
[Site "Vila Nova de Gaia"]
[Date "2004.07.07"]
[Round "5"]
[White "Gomes, Estevao Manuel Da"]
[Black "Sousa, Emanuel Luis Alves"]
[Result "0-1"]
[WhiteElo "1963"]
[BlackElo "1876"]
[PlyCount "92"]
[EventDate "2004.07.03"]
[EventType "swiss"]
[EventRounds "9"]
[EventCountry "POR"]
[SourceTitle "CBM 101 Extra"]
[Source "ChessBase"]
[SourceDate "2004.09.01"]
[SourceVersion "2"]
[SourceVersionDate "2004.09.01"]
[SourceQuality "1"]

1. e4 c5 2. Nf3 d6 3. d4 cxd4 4. Nxd4 Nf6 5. Nc3 a6 6. Be2 e6 7. Be3 Be7 8. Qd2 b5 9. Bf3 e5 10. Nf5 0-0 11. 0-0-0 Ne8 12. Qd5 Nc7 13. Nxe7+ Qxe7 14. Qxd6 Qxd6 15. Rxd6 Be6 16. Bb6 Ne8 17. Rd8 Nf6 18. Rxf8+ Kxf8 19. Rd1 Nbd7 20. Be3 Rc8 21. Nd5 Bxd5 22. exd5 Ke7 23. d6+ Ke6 24. Bb7 Rb8 25. Bxa6 Ne8 26. c4 Nxd6 27. Bxb5 Nxb5 28. cxb5 Rxb5 29. Kc2 f5 30. f3 e4 31. f4 Nf6 32. b3 Nd5 33. Re1 Nb4+ 34. Kb1 Rd5 35. Re2 Rd1+ 36. Kb2 Nd3+ 37. Kc3 Kd5 38. b4 Rb1 39. a3 Kc6 40. Kc4 Nb2+ 41. Kb3 Nd3+ 42. Ka2 Rh1 43. g3 Kb5 44. Bd4 Nc1+ 45. Kb2 Nxe2 46. Bxg7 Rxh2 0-1

[Event "Porto district-ch U18"]
[Site "Porto"]
[Date "2004.02.23"]
[Round "3"]
[White "Vasquez, Maria Carvalho"]
[Black "Sousa, Emanuel Luis Alves"]
[Result "0-1"]
[WhiteElo "1945"]
[BlackElo "1882"]
[PlyCount "86"]
[EventDate "2004.02.??"]
[EventType "tourn"]
[EventRounds "5"]
[EventCountry "POR"]
[SourceTitle "EXT 2005"]
[Source "ChessBase"]
[SourceDate "2004.11.15"]
[SourceVersion "1"]
[SourceVersionDate "2004.11.15"]
[SourceQuality "1"]

1. e4 e5 2. d4 exd4 3. Qxd4 Nc6 4. Qe3 b6 5. Bd2 Nf6 6. Nc3 Ne5 7. Qg3 Ng6 8. 0-0-0 Bd6 9. Qe3 Ng4 10. Qe1 0-0 11. h3 N4e5 12. f4 Nc6 13. e5 Re8 14. Qg3 Be7 15. Nf3 d6 16. Bb5 Bd7 17. Be1 Nb8 18. Bd3 Bc6 19. Be4 Bxe4 20. Nxe4 d5 21. f5 Qc8 22. fxg6 dxe4 23. gxf7+ Kxf7 24. Qf4+ Kg8 25. Qxe4 c6 26. h4 Nd7 27. Ng5 Bxg5+ 28. hxg5 Nf8 29. Bc3 Qe6 30. Rd6 Qxa2 31. g4 Qf7 32. Qxc6 Rac8 33. Qe4 Rc4 34. Qd3 Rxg4 35. Rf1 Rf4 36. Rd1 Rf3 37. Qb5 Rc8 38. Qa6 Re8 39. Qb5 Rf2 40. Qd5 Ne6 41. Rd7 Qf5 42. Qb3 Kh8 43. R1d6 Nc5 0-1

[Event "Guimaraes op"]
[Site "Guimaraes"]
[Date "2004.01.17"]
[Round "4.8"]
[White "Teixeira, Jose"]
[Black "Sousa, Emanuel Luis Alves"]
[Result "0-1"]
[WhiteElo "1542"]
[BlackElo "1882"]
[PlyCount "50"]
[EventDate "2004.01.10"]
[EventType "swiss"]
[EventRounds "4"]
[EventCountry "POR"]
[SourceTitle "CBM 098 Extra"]
[Source "ChessBase"]
[SourceDate "2004.03.10"]
[SourceVersion "2"]
[SourceVersionDate "2004.03.10"]
[SourceQuality "1"]

1. e4 e5 2. Nf3 Nf6 3. Nc3 Bb4 4. Bc4 0-0 5. a3 Bxc3 6. dxc3 Nxe4 7. Qd3 Nf6 8. Ng5 d5 9. Bb3 h6 10. Nh3 Nc6 11. Qg3 Kh7 12. f4 Ne4 13. Qf3 Qh4+ 14. Nf2 Nxf2 15. g3 Qg4 16. Qxf2 exf4 17. Bxf4 Re8+ 18. Be3 Qe4 19. 0-0-0 Qxe3+ 20. Qxe3 Rxe3 21. Bxd5 Be6 22. Bxc6 bxc6 23. Rd3 Re2 24. h4 Bf5 25. Rd2 Rae8 0-1

[Event "GXP Serie-B 2nd"]
[Site "Portugal"]
[Date "2004.??.??"]
[Round "9"]
[White "Guerra Costa, Joao"]
[Black "Sousa, Emanuel Luis Alves"]
[Result "1-0"]
[WhiteElo "2170"]
[BlackElo "1880"]
[PlyCount "54"]
[EventDate "2004.??.??"]
[EventType "tourn"]
[EventRounds "9"]
[EventCountry "POR"]
[SourceTitle "EXT 2007"]
[Source "ChessBase"]
[SourceDate "2006.11.23"]
[SourceVersion "1"]
[SourceVersionDate "2006.11.23"]
[SourceQuality "1"]

1. e4 e5 2. Nf3 Nf6 3. Nxe5 d6 4. Nf3 Nxe4 5. Nc3 d5 6. Qe2 Be7 7. Nxe4 dxe4 8. Qxe4 0-0 9. Bd3 f5 10. Qc4+ Kh8 11. 0-0 Nc6 12. Re1 Nb4 13. Bf1 b5 14. Qb3 Bb7 15. Ne5 Bd5 16. Qc3 Bg8 17. a3 Nd5 18. Qh3 Rf6 19. Bxb5 Nf4 20. Qf3 g5 21. Nc6 Bd5 22. Qc3 Bxc6 23. Bxc6 Rb8 24. b4 Qd6 25. Bb2 Kg8 26. Rxe7 Qxc6 27. Rg7+ Kh8 1-0

[Event "Porto-ch final"]
[Site "Porto"]
[Date "2004.??.??"]
[Round "2"]
[White "Pereira, Antonio Pedro Caram"]
[Black "Sousa, Emanuel Luis Alves"]
[Result "1/2-1/2"]
[WhiteElo "1960"]
[BlackElo "1895"]
[PlyCount "38"]
[EventDate "2004.??.??"]
[EventType "tourn"]
[EventRounds "7"]
[EventCountry "POR"]
[SourceTitle "EXT 2007"]
[Source "ChessBase"]
[SourceDate "2006.11.23"]
[SourceVersion "1"]
[SourceVersionDate "2006.11.23"]
[SourceQuality "1"]

1. e4 c5 2. Nf3 d6 3. Bb5+ Nd7 4. 0-0 Ngf6 5. Re1 a6 6. Bxd7+ Bxd7 7. e5 dxe5 8. Nxe5 e6 9. d4 Be7 10. dxc5 Bxc5 11. Qf3 Qc8 12. Qg3 0-0 13. Bh6 Ne8 14. c3 Kh8 15. Be3 Bd6 16. Bf4 Bxe5 17. Bxe5 f6 18. Bd6 Nxd6 19. Qxd6 e5 1/2-1/2

[Event "Porto district-ch"]
[Site "Porto"]
[Date "2004.??.??"]
[Round "?"]
[White "Silva, Jose Mesquita"]
[Black "Sousa, Emanuel Luis Alves"]
[Result "0-1"]
[WhiteElo "2130"]
[BlackElo "1895"]
[PlyCount "24"]
[EventDate "2004.??.??"]
[EventType "swiss"]
[EventRounds "9"]
[EventCountry "POR"]
[SourceTitle "EXT 2007"]
[Source "ChessBase"]
[SourceDate "2006.11.23"]
[SourceVersion "1"]
[SourceVersionDate "2006.11.23"]
[SourceQuality "1"]

1. e4 e5 2. Nf3 Nf6 3. d4 exd4 4. e5 Ne4 5. Qxd4 d5 6. exd6 Nxd6 7. Bg5 f6 8. Bf4 Nc6 9. Qd2 Qe7+ 10. Be2 Be6 11. 0-0 0-0-0 12. c3 Ne4 0-1

[Event "Porto district-ch"]
[Site "Porto"]
[Date "2004.??.??"]
[Round "?"]
[White "Sousa, Emanuel Luis Alves"]
[Black "Lima, Etelvino Filipe Fer"]
[Result "1/2-1/2"]
[WhiteElo "1895"]
[BlackElo "1705"]
[PlyCount "69"]
[EventDate "2004.??.??"]
[EventType "swiss"]
[EventRounds "9"]
[EventCountry "POR"]
[SourceTitle "EXT 2007"]
[Source "ChessBase"]
[SourceDate "2006.11.23"]
[SourceVersion "1"]
[SourceVersionDate "2006.11.23"]
[SourceQuality "1"]

1. c4 e5 2. Nc3 Nf6 3. Nf3 Nc6 4. g3 d5 5. cxd5 Nxd5 6. Bg2 Nb6 7. 0-0 Be7 8. a3 0-0 9. b4 Be6 10. Rb1 f6 11. d3 Nd4 12. Nxd4 exd4 13. Ne4 Bd5 14. Bb2 f5 15. Nd2 Bxg2 16. Kxg2 Bf6 17. Qb3+ Kh8 18. Rbc1 a5 19. Rc5 axb4 20. axb4 Be7 21. Ra5 Qd7 22. Nf3 Bf6 23. Rfa1 c6 24. Rc5 g6 25. Ne5 Qg7 26. Nf3 Rae8 27. Rc2 Nc8 28. Ra8 Nd6 29. Rxe8 Rxe8 30. Qa2 Nb5 31. Qa1 Qf7 32. e3 Qb3 33. Nxd4 Nxd4 34. Bxd4 Qd5+ 35. f3 1/2-1/2

[Event "Porto district-ch"]
[Site "Porto"]
[Date "2004.??.??"]
[Round "?"]
[White "Sousa, Emanuel Luis Alves"]
[Black "Mendes, Rui Oscar"]
[Result "0-1"]
[WhiteElo "1895"]
[BlackElo "2010"]
[PlyCount "132"]
[EventDate "2004.??.??"]
[EventType "swiss"]
[EventRounds "9"]
[EventCountry "POR"]
[SourceTitle "EXT 2007"]
[Source "ChessBase"]
[SourceDate "2006.11.23"]
[SourceVersion "1"]
[SourceVersionDate "2006.11.23"]
[SourceQuality "1"]

1. c4 Nf6 2. Nc3 c5 3. Nf3 Nc6 4. d4 cxd4 5. Nxd4 g6 6. e4 e5 7. Ndb5 a6 8. Nd6+ Bxd6 9. Qxd6 Qe7 10. Qd1 h6 11. Be2 d6 12. Be3 Kf8 13. 0-0 Kg7 14. Qd2 Be6 15. Rad1 Rad8 16. f4 exf4 17. Bxf4 Ne5 18. Nd5 Bxd5 19. exd5 Nfd7 20. Rde1 b6 21. Bd3 a5 22. Qc3 f6 23. Bc2 Rc8 24. b3 Rhe8 25. Qg3 Qf7 26. Qh3 Rh8 27. Be3 Rb8 28. a4 Rb7 29. Bd4 Rbb8 30. Bb2 Rbe8 31. Ba3 Nc5 32. Bb2 Ncd7 33. Qc3 Re7 34. Ba3 Nc5 35. Bc1 Rhe8 36. Kh1 Ncd7 37. Qh3 Rh8 38. g4 Ree8 39. Qg3 Re7 40. h4 g5 41. h5 Rf8 42. Bf5 Kh8 43. Be6 Qg7 44. Bf5 Nc5 45. Qc3 Rfe8 46. Be3 Ned3 47. Bxg5 Qxg5 48. Rxe7 Rxe7 49. Bxd3 Qh4+ 50. Kg2 Qxg4+ 51. Kf2 Qf4+ 52. Kg2 Rg7+ 53. Bg6 Qg4+ 54. Kh1 Qh4+ 55. Kg2 Qxh5 56. Rxf6 Qg5+ 57. Kh3 Kg8 58. Qf3 Rxg6 59. Rf8+ Kh7 60. Rf7+ Rg7 61. Rf5 Qg6 62. Kh4 Nd3 63. Rf6 Qg5+ 64. Kh3 Nf2+ 65. Qxf2 Qg4+ 66. Kh2 Qh5+ 0-1

[Event "Porto GXP 2nd"]
[Site "Porto"]
[Date "2004.??.??"]
[Round "1"]
[White "Sousa, Emanuel Luis Alves"]
[Black "Prezado, Jose Carlos"]
[Result "1-0"]
[WhiteElo "1882"]
[BlackElo "1801"]
[PlyCount "96"]
[EventDate "2004.??.??"]
[EventType "team-tourn"]
[EventRounds "2"]
[EventCountry "POR"]
[SourceTitle "EXT 2005"]
[Source "ChessBase"]
[SourceDate "2004.11.15"]
[SourceVersion "1"]
[SourceVersionDate "2004.11.15"]
[SourceQuality "1"]

1. c4 e6 2. Nc3 Nf6 3. Nf3 d5 4. cxd5 Nxd5 5. e4 Nxc3 6. bxc3 c5 7. Bb5+ Bd7 8. Bxd7+ Qxd7 9. 0-0 Be7 10. Ne5 Qc7 11. Qa4+ Nd7 12. Qxd7+ Qxd7 13. Nxd7 Kxd7 14. Rb1 Kc6 15. d4 Rhd8 16. Be3 Rd7 17. f4 g6 18. f5 exf5 19. d5+ Kc7 20. c4 Bd6 21. exf5 Re8 22. Bg5 Re5 23. h4 Re4 24. Rbc1 Be5 25. fxg6 fxg6 26. Rce1 Rxe1 27. Rxe1 Kd6 28. Bf6 Bxf6 29. Re6+ Kc7 30. Rxf6 b6 31. Kf2 Kb7 32. a4 Ka6 33. Ke3 Ka5 34. Ke4 Kb4 35. d6 Kxc4 36. Ke5 Kb3 37. Ke6 Rd8 38. Ke7 Rb8 39. d7 Kxa4 40. Rf8 Rb7 41. Kd6 Rxd7+ 42. Kxd7 a5 43. Kc6 Kb4 44. Rb8 c4 45. Rxb6+ Kc3 46. Kd5 Kd3 47. Ra6 Ke3 48. Kxc4 Kf4 1-0